00606nam a2200241Ia 450000500170000000800460001702000180006303700100008104000080009104000080009904000080010704100080011504100080012308400080013110000240013924500510016324500520021426000230026626000090028936500050029836500080030385600530031120260324130053.0008 260324s9999 xx 000 0 eng d a9780203929735 aEBOOK aCRL beng cCRL 2eng aeng qCRL aEmanuele Saccarelli 0aGramsci and Trotsky in the Shadow of Stalinism 4bThe Political Theory and Practice of Opposition bTaylor and Francis c2008 a b220 uhttp://www.taylorfrancis.com/books/9780203929735